|
|
|
|
| LEADER |
01023cam a2200253 7i4500 |
| 001 |
0000064893 |
| 005 |
20211223090000.0 |
| 020 |
|
|
|a 9781771887298 (hardcover)
|
| 020 |
|
|
|a 9780429465468 (electronic book)
|
| 020 |
|
|
|a 9780429465468
|
| 090 |
0 |
0 |
|a HD30.215
|b .C66 2020
|
| 245 |
0 |
0 |
|a Computing predictive analytics, business intelligence, and economics :
|b modeling techniques with startups and incubators
|c editor, Cyrus F. Nourani.
|
| 264 |
|
|
|a Oakville, ON, Canada:
|b Apple Academic Press,
|c 2020.
|
| 300 |
|
|
|a 1 online resource (xviii, 286 pages):
|b illustrations (some colour), text file, PDF.
|
| 336 |
|
|
|a text
|2 rdacontent
|
| 337 |
|
|
|a computer
|2 rdamedia
|
| 338 |
|
|
|a online resource
|2 rdacarrier
|
| 650 |
0 |
0 |
|a Management --
|x Statistical methods
|
| 650 |
0 |
0 |
|a Business intelligence
|
| 655 |
0 |
0 |
|a Electronic books
|
| 700 |
1 |
|
|a Nourani, Cyrus F
|
| 856 |
4 |
2 |
|u http://library.unisel.edu.my/web/guest/mylibrary
|
| 997 |
|
|
|a Business & Accountancy, Faculty
|
| 999 |
|
|
|a EBO0009571
|b EBOOK
|c EBOOK
|e Electronic resources
|